| 000 | 00763nam a2200241 i 4500 | ||
|---|---|---|---|
| 001 | bg | ||
| 100 | 1 | _aKOLENDA, Janusz | |
| 245 | 1 | 0 |
_aOn fatigue safety of metallic elements under static and dynamic loads / _cJanusz Kolenda. |
| 260 |
_aGdańsk : _bGdansk University of Technology Publ., _c2004. |
||
| 300 |
_a119 s. ; _c24 cm. |
||
| 500 | _aStreszcz. ang., pol. | ||
| 504 | _aBibliogr. | ||
| 650 | 9 |
_aNaprężenia i odkształcenia _xbadanie _xmetody |
|
| 650 | 9 |
_aKonstrukcje _xmechanika _xbadanie _xmetody |
|
| 650 | 9 |
_aWytrzymałość materiałów _xbadanie _xmetody |
|
| 020 | _a8373480897 | ||
| 040 | _cBPK | ||
| 041 | 0 |
_aeng _bpol |
|
| 080 | _a620.17:539.3/.4 | ||
| 920 | _a83-7348-089-7 | ||
| 942 | _cKS | ||
| 008 | s pl f |000 0 pol | ||
| 999 |
_c45901 _d45901 |
||
| 856 |
_uhttp://koha.tu.koszalin.pl/cgi-bin/koha/opac-detail.pl?biblionumber=45901 _yKatalog online BPK |
||